Statistiques concernant Focus sur: Scorpius Malefoy - Harry Potter

Cliquez ici pour prendre le quiz!

Statistiques générales

  • Ce quiz a été pris 166 fois
  • Le résultat moyen est 8 sur 10

Statistiques - réponses

Informations recherchéesRéponses% Correct
Couleur des cheveuxBlond
99%
Statut du sangSang-Pur
99%
Ecole fréquentéePoudlard
98%
Maison fréquentéeSerpentard
98%
PèreDrago Malefoy
97%
Première apparitionHarry Potter et les Reliques de la Mort
96%
Lieu de rencontre avec Harry PotterQuai 9 3/4
83%
MèreAstoria Greengrass
76%
Acteur l'interprétant dans les filmsBertie Gilbert
14%
Comédien l'interprétant dans la pièce de théâtreAnthony Boyle
13%

Distribution des résultats

Percentile par nombre de réponses

% des personnes avec chaque résultat

Votre développement - résultats

Vous n’avez pas pris ce quiz